Trolejbusy w Europie - Statystyki

Ogólne statystyki
  • Ten quiz został rozwiązany 29 razy
  • Średni wynik to 49 z 193
Statystyki odpowiedzi
Państwo System % Poprawnych
Mińsk
92%
Praga
84%
Polska Gdynia
80%
Lublin
80%
Sofia
80%
Wilno
80%
Bośnia i Hercegowina Sarajewo
76%
Grecja Ateny-Pireus
72%
Litwa Kowno
72%
Estonia Tallinn
72%
Tychy
72%
Warna
72%
Bratysława
68%
Czechy Brno
68%
Brześć
68%
Kijów
68%
Kiszyniów
68%
Ostrawa
68%
Łotwa Ryga
68%
Sankt Petersburg
68%
Zurych
68%
Szwajcaria Berno
64%
Węgry Budapeszt
64%
Bukareszt
60%
Charków
60%
Grodno
60%
Lyon
60%
Odessa
60%
Rzym
60%
Serbia Belgrad
56%
Donieck
56%
Genewa
56%
Austria Linz
56%
Lwów
56%
Mediolan
56%
Neapol
56%
Salzburg
56%
Tyraspol
56%
Wołgograd
56%
Bułgaria Burgas
52%
Dniepr
52%
Kazań
52%
Pilzno
52%
Norwegia Bergen
48%
Homel
48%
Mohylew
48%
Samara
48%
Witebsk
48%
Czeskie Budziejowice
44%
Krzywy Róg
44%
Mikołajów
44%
Niżny Nowogród
44%
Żylina
40%
Biel/Bienne
36%
Debreczyn
36%
Winnica
36%
Kluż-Napoka
32%
Krasnodar
32%
Lozanna
32%
Łuck
32%
Rostów nad Donem
32%
Smoleńsk
32%
Stara Zagora
32%
Słowacja Bańska Bystrzyca
28%
Gałacz
28%
Genua
28%
Iwano-Frankiwsk
28%
Połtawa
28%
Tarnopol
28%
Włochy Ankona
24%
Lucerna
24%
Opawa
24%
Saint-Étienne
24%
Sewastopol
24%
Timișoara
24%
Zaporoże
24%
Zlin-Otrokovice
24%
Żytomierz
24%
Ukraina Biała Cerkiew
20%
Białoruś Bobrujsk
20%
Bolonia
20%
Chersoń
20%
Krymski Trolejbus
20%
Równe
20%
Ruse
20%
Sumy
20%
Woroneż
20%
Bielce
16%
Braszów
16%
Chmielnicki
16%
Czerkasy
16%
Czernihów
16%
Czerniowce
16%
Hradec Králové
16%
Machaczkała
16%
Modena
16%
Murmańsk
16%
Pardubice
16%
Pazardżik
16%
Preszów
16%
Riazań
16%
Tuła
16%
Ufa
16%
Briańsk
12%
Chaskowo
12%
Gorłówka
12%
Kercz
12%
Kramatorsk
12%
Królewiec
12%
Kropywnycki
12%
Krzemieńczuk
12%
Kursk
12%
Nancy
12%
Orenburg
12%
Orzeł
12%
Parma
12%
Plewen
12%
Ploeszti
12%
Rimini
12%
Sankt Gallen
12%
Saratów
12%
Sliwen
12%
Szafuza
12%
Szegedyn
12%
Rumunia Baia Mare
8%
Mołdawia Bendery
8%
Niemcy Eberswalde
8%
Igława
8%
Jarosław
8%
Kaługa
8%
Szwecja Landskrona
8%
Makiejewka
8%
Sarańsk
8%
Słowiańsk
8%
Solingen
8%
Târgu Jiu
8%
Uljanowsk
8%
Uście nad Łabą
8%
Wraca
8%
Hiszpania Castellón de la Plana
4%
Charcysk
4%
Chieti
4%
Chimki
4%
Chomutov-Jirkov
4%
Cieplice
4%
Wintherthur
4%
Esslingen am Neckar
4%
Fryburg
4%
Iżewsk
4%
La Chaux-de-Fonds
4%
La Spezia
4%
Lecce
4%
Francja Limoges
4%
Mediaș
4%
Montreux-Vevey
4%
Neuchâtel
4%
Nowogród Wielki
4%
Noworosyjsk
4%
San Remo
4%
Tambow
4%
Vaslui
4%
Rosja Almietjewsk
0%
Armawir
0%
Holandia Arnhem
0%
Avellino
0%
Bałakowo
0%
Bierieżniki
0%
Czeboksary
0%
Czerkiesk
0%
Dzierżyńsk
0%
Engels
0%
Iwanowo
0%
Joszkar-Oła
0%
Kirow
0%
Kostroma
0%
Kowrow
0%
Majkop
0%
Mariańskie Łaźnie
0%
Nalczyk
0%
Nowoczeboksarsk
0%
Nowokujbyszewsk
0%
Penza
0%
Pietrozawodsk
0%
Podolsk
0%
Rybińsk
0%
Stawropol
0%
Sterlitamak
0%
Taganrog
0%
Togliatti
0%
Widnoje
0%
Włodzimierz
0%
Wołgodońsk
0%
Wołogda
0%
Nie znaleziono quizów pasujących do podanych kryteriów
Rozkład punktacji
Procent ludzi z każdym wynikiem
Percentyl według liczby udzielonych odpowiedzi
Twoja historia wyników
Nie rozwiązałeś tego quizu